| 000 | 00904nam a2200277Ia 4500 | ||
|---|---|---|---|
| 003 | OSt | ||
| 005 | 20221005022729.0 | ||
| 006 | a|||||r|||| 00| 0 | ||
| 007 | ta | ||
| 008 | 221004b |||||||| |||| 00| 0 eng d | ||
| 020 |
_a9027251932 _c4849.2 |
||
| 024 | _a84732 | ||
| 037 |
_b11195, 28/03/2006, Govinda Book House _cTextual |
||
| 040 |
_aCRL _cCRL _beng |
||
| 041 |
_2eng _aeng |
||
| 082 | _aP:(S:4), P4 | ||
| 100 |
_aWildgen Wolfgang _9578551 |
||
| 245 | 0 |
_aEvolution of human language _b Scenarios, principles, and cultural dynamics |
|
| 260 |
_aAmsterdam _bJohn Benjamins Publishing Company Netherland _c2004 |
||
| 300 |
_axii, 236p. _ccm. |
||
| 490 | _aAdvances in Consciousness Research, 57. | ||
| 650 | _a CONSCIOUSNESS | ||
| 650 | _aLINGUISTICS | ||
| 942 |
_hP:(S:4), P4 _cTEXL _2cc |
||
| 999 |
_c929940 _d929940 |
||